000 00264nam a2200109Ia 4500
008 200302s9999 xx 000 0 und d
100 _aFranz Sales Meyer
245 _aA HandBook of Ornament
260 _bGerald Duckworth Co. LTd.
260 _c1974
300 _a272 P.,
999 _c159
_d159